Tourism and development in tropical islands : political ecology perspectives / (Record no. 2614)

000 -LEADER
fixed length control field 01183cam a22003134a 4500
001 - CONTROL NUMBER
control field 13296473
003 - CONTROL NUMBER IDENTIFIER
control field OSt
005 - DATE AND TIME OF LATEST TRANSACTION
control field 20160910105748.0
008 - FIXED-LENGTH DATA ELEMENTS--GENERAL INFORMATION
fixed length control field 030730s2003 enkab b 001 0 eng
010 ## - LIBRARY OF CONGRESS CONTROL NUMBER
LC control number 2003049379
020 ## - INTERNATIONAL STANDARD BOOK NUMBER
International Standard Book Number 1843762579
040 ## - CATALOGING SOURCE
Original cataloging agency DLC
Transcribing agency DLC
Modifying agency DLC
042 ## - AUTHENTICATION CODE
Authentication code pcc
043 ## - GEOGRAPHIC AREA CODE
Geographic area code w------
050 00 - LIBRARY OF CONGRESS CALL NUMBER
Classification number G155.G67 2003
082 00 - DEWEY DECIMAL CLASSIFICATION NUMBER
Classification number 338.4/791/09142
Edition number 22
245 00 - TITLE STATEMENT
Title Tourism and development in tropical islands : political ecology perspectives /
Statement of responsibility, etc edited by Stefan Gössling.
260 ## - PUBLICATION, DISTRIBUTION, ETC. (IMPRINT)
Place of publication, distribution, etc Cheltenham, UK ;
-- Northhampton, MA, USA :
Name of publisher, distributor, etc Edward Elgar Pub.,
Date of publication, distribution, etc c2003.
300 ## - PHYSICAL DESCRIPTION
Extent xii, 288 p. :
Other physical details ill., maps ;
Dimensions 25 cm.
504 ## - BIBLIOGRAPHY, ETC. NOTE
Bibliography, etc Includes bibliographical references.
650 #0 - SUBJECT ADDED ENTRY--TOPICAL TERM
Topical term or geographic name as entry element Tourism
Geographic subdivision Tropics.
650 #0 - SUBJECT ADDED ENTRY--TOPICAL TERM
Topical term or geographic name as entry element Tourism
General subdivision Environmental aspects
Geographic subdivision Tropics.
650 #0 - SUBJECT ADDED ENTRY--TOPICAL TERM
Topical term or geographic name as entry element Political ecology
Geographic subdivision Tropics.
700 1# - ADDED ENTRY--PERSONAL NAME
Personal name Gössling, Stefan.
856 41 - ELECTRONIC LOCATION AND ACCESS
Materials specified Table of contents
Uniform Resource Identifier <a href="http://www.loc.gov/catdir/toc/fy045/2003049379.html">http://www.loc.gov/catdir/toc/fy045/2003049379.html</a>
906 ## - LOCAL DATA ELEMENT F, LDF (RLIN)
a 7
b cbc
c orignew
d 1
e ocip
f 20
g y-gencatlg
942 ## - ADDED ENTRY ELEMENTS (KOHA)
Source of classification or shelving scheme
Koha item type Book
Holdings
Withdrawn status Lost status Source of classification or shelving scheme Damaged status Not for loan Home library Current library Shelving location Date acquired Total Checkouts Full call number Barcode Date last seen Copy number Price effective from Koha item type
          Riara University Library Riara University Library General stack 09/08/2016   G155.G67 2003 7431/16 09/08/2016 C,1 09/08/2016 Book

Riara University Library,
P.O. Box 49940-00100,
Nairobi, Kenya.